Právo zamestnanca na ochranu súkromia

Právo na súkromie a ochranu osobných údajov majú aj zamestnanci. Na akú kontrolu zamestnancov má právo zamestnávateľ.

Guardado en:
Detalles Bibliográficos
Autor principal: Šukalová, Viera
Formato: Capítulo de libro
Lenguaje:eslovaco
Materias:
Etiquetas: Agregar Etiqueta
Sin Etiquetas, Sea el primero en etiquetar este registro!

MARC

LEADER 00000naa a2200000 4500
001 0224800
005 20231120135931.6
041 0 |a slo 
044 |a SK 
245 1 0 |a Právo zamestnanca na ochranu súkromia  |c Viera Šukalová 
520 |a Právo na súkromie a ochranu osobných údajov majú aj zamestnanci. Na akú kontrolu zamestnancov má právo zamestnávateľ. 
610 2 0 |a zamestnanci 
610 2 0 |a kontrola 
610 2 0 |a ochrana pracovníkov 
610 2 0 |a ochrana údajov osobných 
100 1 |a Šukalová, Viera